000 00282nam a2200121Ia 4500
008 170620s9999 xx 000 0 und d
100 _aRAMBABU-K & ET.AL.
245 0 _aFUNDAMENTALS OF BIOCHEMISTRY
260 _bAITBS DELHI
260 _c2009
300 _a532
546 _aEnglish
690 _a BIOCHEMISTRY
999 _c31336
_d31336